000 00287nam a2200133Ia 4500
008 190216s9999||||xx |||||||||||||| ||und||
100 _aAbbolt.P
245 0 _aGeometry
250 _aFIRST
260 _bEnglish Uty Press
_c1970
300 _a334
650 _aMathematics
942 _cBK
999 _c30749
_d30749